000 00923nmm a2200289 a 4500
001 ocm000643920
003 TR-IsHL
005 20201028125103.0
008 110704s2009 tu tur
007 cr cn
020 _a9789944986908
035 _a643920
_b(N$T)
050 0 4 _aTX725.T9
_bD87 2009
090 0 4 _aTX725.T9
_bD87 2009
100 1 _aDuru, Fikriye
245 1 0 _aBodrum'da yemekler tez pişer: yemek tarifli öyküler
_h[electronic resource] /
_cFikriye Duru ; Aycan Türk
250 _a1. bs.
260 _aİstanbul :
_bDharma Yayıncılık,
_c2009
300 _a288 p.
650 4 _aDil ve Edebiyat
650 4 _aLanguage and Literature
650 0 _aMutfak, Türk
650 0 _aCookery, Turkish
650 7 _aCOOKING / Regional & Ethnic / Turkish
_2bisacsh
700 1 _aTürk, Aycan
856 4 0 _uhttp://search.ebscohost.com/login.aspx?direct=true&scope=site&db=e011xww&AN=643920
999 _c3297
_d3297